000 00359 a2200157 4500
001 180022
020 _a
040 _cMagnum
100 _aBueno, Maria Celia
240 1 0 _aMarcela, pedrita, mae aflita
_lpor
245 1 0 _aMarcela, pedrita, mae aflita
362 0 _a1899
440 1 _aDimensão
697 _aMAGNITO: I/AVENTURA, CRIANCAS
942 _cBK
999 _c180022
_d180022